Kader von Manchester City Champions League 2024/2025 - Statistiken

Allgemein
  • Dieses Quiz wurde 95 mal gespielt
  • Das Durchschnittsergebnis liegt bei 20 aus 23
Antwortstatistiken
Bildquiz Antwort % Korrekt
Ederson
100%
Erling Haaland
99%
John Stones
99%
Nathan Aké
99%
Bernardo Silva
98%
İlkay Gündoğan
98%
Manuel Akanji
98%
Phil Foden
98%
Jack Grealish
96%
Kevin De Bruyne
96%
Omar Marmoush
96%
Rodri
96%
Joško Gvardiol
95%
Rúben Dias
94%
Stefan Ortega
94%
Mateo Kovačić
93%
Jérémy Doku
92%
Savinho
77%
Matheus Nunes
66%
Abdukodir Khusanov
58%
Scott Carson
58%
Nico González
46%
James McAtee
45%
Keine übereinstimmenden Quizze gefunden
Verteilung der Resultate
Anzahl Personen mit jedem Resultat
Perzentil nach korrekt beantworteten Fragen
Ihre Resultats-Entwicklung
Sie haben dieses Quiz noch nicht gespielt